Pioneros de la tecnología digital : ideas visionarias del mundo tecnológico actual /

Bibliographic Details
Main Author: Gifreu, Arnau (Author)
Format: Electronic eBook
Language:Spanish
Published: Barcelona : Editorial UOC, [2014]
Edition:Primera edición en formato digital.
Series:Tic.cerø ; 56.
Subjects:
Online Access:Digitalia Hispánica

MARC

LEADER 00000nam a2200000 i 4500
001 DIGEDIUOC492
003 NyNyDIG
006 m o d
007 cr |||||||||||
008 210506s2014 sp ob 000 0 spa d
035 |a (OCoLC)1257036308 
040 |a DGITA  |b eng  |e rda  |e pn  |c DGITA 
020 |a 9788490642788  |q eBook  |q ePub 
020 |a 9788490640388  |q eBook  |q pdf 
020 |z 9788490297780  |q impreso 
050 1 4 |a HM851 ebook 
082 0 4 |a 004.6 
100 1 |a Gifreu, Arnau,  |e author. 
245 1 0 |a Pioneros de la tecnología digital :  |b ideas visionarias del mundo tecnológico actual /  |c Arnau Gifreu. 
250 |a Primera edición en formato digital. 
264 1 |a Barcelona :  |b Editorial UOC,  |c [2014] 
300 |a 1 online resource. 
336 |a text  |b txt  |2 rdacontent 
337 |a computer  |b c  |2 rdamedia 
338 |a online resource  |b cr  |2 rdacarrier 
347 |a text file  |2 rdaft 
347 |b EPUB 
347 |b PDF 
490 1 |a Tic.cerø 
504 |a Includes bibliographical references. 
588 0 |a Online resource; title from ePub title page (Digitalia, viewed May 6, 2021) 
650 0 |a Computer science. 
650 0 |a Digital media. 
655 0 |a Electronic books. 
791 2 |a Digitalia (Firm),  |e distributor. 
793 0 |g Digitalia eBook Collection:  |a Editorial UOC 
776 0 8 |i Print version:  |a Gifreu, Arnau.  |t Pioneros de la tecnología digital.  |b Primera edición en lengua castellana.  |d Barcelona : Editorial UOC, 2013  |z 9788490297780  |w (OCoLC)865471694 
830 0 |a Tic.cerø ;  |v 56. 
856 4 0 |3 Digitalia Hispánica  |u https://www.digitaliapublishing.com/a/29248/ 
910 |a Premium collection: 2021